Regional report (Record no. 81862)
[ view plain ]
| 000 -LEADER | |
|---|---|
| fixed length control field | 01167cab a22002055a 4500 |
| 001 - CONTROL NUMBER | |
| control field | L148476 |
| 008 - FIXED-LENGTH DATA ELEMENTS--GENERAL INFORMATION | |
| fixed length control field | 090922e20090918xxko f 000 0 eng d |
| 035 ## - SYSTEM CONTROL NUMBER | |
| System control number | (Sirsi) u148476 |
| 041 0# - LANGUAGE CODE | |
| Language code of text/sound track or separate title | eng |
| 100 1# - MAIN ENTRY--PERSONAL NAME | |
| Personal name | Shepherd, Mark |
| 245 00 - TITLE STATEMENT | |
| Title | Regional report |
| Remainder of title | Birmingham |
| 260 ## - PUBLICATION, DISTRIBUTION, ETC. | |
| Date of publication, distribution, etc. | 2009 |
| 490 #0 - SERIES STATEMENT | |
| Series statement | Property Week |
| Volume/sequential designation | 75(38) 18 September 2009, 57-66(7) |
| 520 ## - SUMMARY, ETC. | |
| Summary, etc. | A profile of Jackie Gallagher's Gallan Group, Birmingham's most famous property developer, shows the Group in a good shape to take advantage of Birmingham's post-recession development opportunities. The Birmingham Development Company is planning to resurrect the former Birmingham Post and Mail print works as a mixed-use development. Bournville College is to have a new campus on part of the former Longbridge car production plant. The continued preservation of Birmingham?s historic Jewellery Quarter has suffered a set-back after regional development agency Advantage West Midlands withdrew funds from several key regeneration projects. |
| 590 ## - LOCAL NOTE (RLIN) | |
| Local note | KA |
| 651 #4 - SUBJECT ADDED ENTRY--GEOGRAPHIC NAME | |
| Geographic name | Birmingham |
| 690 ## - LOCAL SUBJECT ADDED ENTRY--TOPICAL TERM (OCLC, RLIN) | |
| Topical term or geographic name as entry element | PROPERTY-COMMERCIAL PROPERTY-COMMERCIAL PROPERTY MARKET |
| 700 1# - ADDED ENTRY--PERSONAL NAME | |
| Personal name | Lycett, Anthony |
| 942 ## - ADDED ENTRY ELEMENTS (KOHA) | |
| Suppress in OPAC | 0 |
| Withdrawn status | Lost status | Source of classification or shelving scheme | Damaged status | Not for loan | Home library | Current library | Shelving location | Date acquired | Total Checkouts | Full call number | Barcode | Date last seen | Copy number | Price effective from | Koha item type |
|---|---|---|---|---|---|---|---|---|---|---|---|---|---|---|---|
| Dewey Decimal Classification | London | London | Journal article | 22/09/2009 | L148476 | 148476-1001 | 06/08/2019 | 1 | 06/08/2019 | Journal article |